Asian change in the context of global climate change

This volume uses the intellectual efforts and findings of the International Geosphere-Biosphere Programme (IGBP) community to provide the first integrated analysis of the interactions between global change and Asian change, giving particular attention to China's role. The book will be of intere...

Ful tanımlama

Kaydedildi:
Detaylı Bibliyografya
Materyal Türü: Kitap
Dil:Undetermined
Baskı/Yayın Bilgisi: Cambridge, UK,New York, NY, USA Cambridge University Press 1998
Konular:
Etiketler: Etiketle
Etiket eklenmemiş, İlk siz ekleyin!
Thư viện lưu trữ: Trung tâm Học liệu Trường Đại học Cần Thơ
LEADER 01226nam a2200217Ia 4500
001 CTU_160228
008 210402s9999 xx 000 0 und d
020 |c 126.99 
082 |a 577.276 
082 |b A832 
245 0 |a Asian change in the context of global climate change 
245 0 |c Edited by James Galloway, Jerry Mel 
260 |a Cambridge, UK,New York, NY, USA 
260 |b Cambridge University Press 
260 |c 1998 
520 |a This volume uses the intellectual efforts and findings of the International Geosphere-Biosphere Programme (IGBP) community to provide the first integrated analysis of the interactions between global change and Asian change, giving particular attention to China's role. The book will be of interest to readers in a wide range of academic disciplines (natural sciences and socio-economic) and for those involved in national and international policy development relevant to global change 
650 |a Climatic changes,Biogeochemistry,Biến đổi khí hậu,Địa lý sinh vật 
650 |x Environmental aspects,Khía cạnh môi trường 
650 |z Asia,Asia,Châu Á 
910 |a Nguyên 
980 |a Trung tâm Học liệu Trường Đại học Cần Thơ